Gogh, uma orelha sem mestre (Registo nº 201927)

Detalhes MARC
000 -Etiqueta do registo
Valores 00664nam 22002173 4500
010 ## - Número ISBN
ISBN 972-8351-87-9
021 ## - Número do Depósito Legal
Código do país Portugal
Número 219 758/04
100 ## - Dados gerais de processamento
Dados gerais 20260423d u||y0pory50 ba
200 ## - Titulo e menção de responsabilidade
Título próprio Gogh, uma orelha sem mestre
Primeira menção de responsabilidade Paulo da Costa Domingos
210 ## - Publicação
Local de publicação Lisboa
Nome do editor Frenesi
Data de publicação 1974
215 ## - Descrição física 
Paginação / Volumes 41, [6] p.
Outras indicações físicas il. ; brochado
Dimensões 17 cm
300 ## - Notas gerais 
Texto da nota Contém dedicatória na folha de rosto
304 ## - Nota relativa ao título
Texto de nota nova versão
606 ## - Nome comum usado como assunto
ID Autoridade 23
Palavra de ordem Literatura Portuguesa
Subdivisão assunto Poesia
675 ## - CDU
Notação 821.134.3-1"19"
Edição PT
Língua por
700 ## - Autor principal (pessoa individual)
ID Autoridade 17174
Apelido Domingos
Nome Paulo da Costa
Datas 1953-
801 ## - Fonte de origem
País PT
Agência BMMN
Regras de catalogação RPC
830 ## - Notas gerais do catalogador
Criado por Ana Falardo
Indexado por Ana Falardo
990 ## - Elementos KOHA
Tipo de documento Livro
Exemplares
Situação do levantamento Biblioteca de origem Código de barras Cota Permissão de empréstimo Tipo de documento Nota relativa ao exemplar Forma de aquisição
  Biblioteca Municipal de Montemor-o-Novo 31326 821.134.3-1 DOM|SAF   Livro Acesso Condicionado Oferta

Powered by Koha